[Event "DVM U14 2020"]
[Site "Willingen GER"]
[Date "2021.06.25"]
[Round "4"]
[White "Krishnachandran, Srihari"]
[Black "Brinkschröder, Josh"]
[Result "1-0"]
[Termination "normal"]
[Board "8.3"]
[WhiteElo "1323"]
[BlackElo "1568"]
[WhiteClock "01:09:42"]
[BlackClock "00:42:10"]
[WhiteTeam "Düsseldorfer Schachverein 1854"]
[BlackTeam "SchachAkademiePaderborn e. V."]
[PlyCount "79"]
[WhiteFideId "34605932"]
[BlackFideId "16274903"]
[EventCountry "GER"]
[EventRounds "7"]
[EventType "team-swiss"]
[EventDate "2021.06.23"]

1. e4 {[%clk 1:30:55]} 1... e6 {[%clk 1:30:56]} 2. d4 {[%clk 1:31:18]} 2... d5
{[%clk 1:31:23]} 3. Nc3 {[%clk 1:31:42]} 3... dxe4 {[%clk 1:31:46]} 4. Nxe4 {
[%clk 1:32:06]} 4... Nd7 {[%clk 1:32:10]} 5. Nf3 {[%clk 1:32:07]} 5... Ngf6 {
[%clk 1:32:30]} 6. Nxf6+ {[%clk 1:32:17]} 6... Nxf6 {[%clk 1:32:50]} 7. c3 {
[%clk 1:32:40]} 7... c5 {[%clk 1:32:59]} 8. g3 {[%clk 1:32:07]} 8... b6 { [%clk
1:32:54]} 9. Bg2 {[%clk 1:31:23]} 9... Bb7 {[%clk 1:33:17]} 10. O-O { [%clk
1:31:33]} 10... Qc7 {[%clk 1:33:23]} 11. dxc5 {[%clk 1:23:14]} 11... Bxc5
{[%clk 1:33:06]} 12. Bf4 {[%clk 1:23:35]} 12... Qd8 {[%clk 1:30:46]} 13. Qa4+ {
[%clk 1:19:14]} 13... Qd7 {[%clk 1:29:36]} 14. Qc2 {[%clk 1:17:45]} 14... Bd5 {
[%clk 1:23:23]} 15. Ne5 {[%clk 1:13:35]} 15... Qb7 {[%clk 1:21:30]} 16. Bxd5 {
[%clk 1:13:08]} 16... Nxd5 {[%clk 1:20:58]} 17. Qe4 {[%clk 1:12:17]} 17... O-O
{[%clk 1:20:06]} 18. c4 {[%clk 1:11:41]} 18... Rfe8 {[%clk 1:14:16]} 19. cxd5 {
[%clk 1:11:16]} 19... exd5 {[%clk 1:13:22]} 20. Qf3 {[%clk 1:10:17]} 20... g5 {
[%clk 1:05:49]} 21. Qg4 {[%clk 1:09:02]} 21... f6 {[%clk 1:05:28]} 22. Nd3 {
[%clk 1:08:50]} 22... h5 {[%clk 1:01:53]} 23. Qxh5 {[%clk 1:08:59]} 23... gxf4
{[%clk 1:01:36]} 24. Nxf4 {[%clk 1:09:08]} 24... Re5 {[%clk 1:00:41]} 25. Qg6+
{[%clk 1:08:41]} 25... Qg7 {[%clk 1:00:45]} 26. Qxg7+ 26... Kxg7 { [%clk
1:01:07]} 27. Rad1 {[%clk 1:08:23]} 27... d4 {[%clk 0:58:59]} 28. Rfe1 { [%clk
1:07:18]} 28... Rae8 {[%clk 0:58:29]} 29. Nd3 {[%clk 1:07:39]} 29... R5e7
{[%clk 0:51:22]} 30. Rxe7+ {[%clk 1:07:45]} 30... Rxe7 {[%clk 0:51:47]} 31. Re1
{[%clk 1:08:10]} 31... Rxe1+ {[%clk 0:51:19]} 32. Nxe1 {[%clk 1:08:34]} 32...
Kg6 {[%clk 0:51:22]} 33. Kg2 {[%clk 1:08:42]} 33... Kf5 {[%clk 0:51:17]} 34.
Kf3 {[%clk 1:09:05]} 34... Bd6 {[%clk 0:51:07]} 35. Nd3 {[%clk 1:09:08]} 35...
Be5 {[%clk 0:46:06]} 36. a4 {[%clk 1:09:11]} 36... Kg5 {[%clk 0:44:36]} 37. h3
{[%clk 1:09:19]} 37... Bd6 {[%clk 0:44:06]} 38. Ke4 {[%clk 1:09:18]} 38... Be5
{[%clk 0:41:50]} 39. f4+ {[%clk 1:09:42]} 39... Bxf4 {[%clk 0:42:10]} 40. Nxf4
1-0

[Event "DVM U14 2020"]
[Site "Willingen GER"]
[Date "2021.06.25"]
[Round "4"]
[White "Bade, Deniz"]
[Black "Schmidt, Boris"]
[Result "1/2-1/2"]
[Termination "normal"]
[Board "8.4"]
[WhiteElo "1486"]
[BlackElo "1536"]
[WhiteClock "00:04:17"]
[BlackClock "00:31:32"]
[WhiteTeam "SchachAkademiePaderborn e. V."]
[BlackTeam "Düsseldorfer Schachverein 1854"]
[PlyCount "142"]
[WhiteFideId "34605959"]
[BlackFideId "16238036"]
[EventCountry "GER"]
[EventRounds "7"]
[EventType "team-swiss"]
[EventDate "2021.06.23"]

1. e4 {[%clk 1:30:59]} 1... c5 {[%clk 1:30:51]} 2. d3 {[%clk 1:31:23]} 2... e6
3. Nd2 {[%clk 1:31:46]} 3... Nc6 {[%clk 1:31:08]} 4. Ngf3 {[%clk 1:32:09]} 4...
g6 {[%clk 1:31:28]} 5. g3 {[%clk 1:32:22]} 5... Bg7 {[%clk 1:31:18]} 6. Bg2 {
[%clk 1:32:23]} 6... Nf6 {[%clk 1:31:14]} 7. O-O {[%clk 1:32:41]} 7... O-O {
[%clk 1:30:32]} 8. c3 {[%clk 1:31:28]} 8... d5 {[%clk 1:29:51]} 9. Qc2 { [%clk
1:30:53]} 9... a5 {[%clk 1:29:23]} 10. a4 {[%clk 1:28:24]} 10... b6 { [%clk
1:28:41]} 11. Re1 {[%clk 1:27:31]} 11... Bb7 {[%clk 1:25:53]} 12. h4 { [%clk
1:25:38]} 12... d4 {[%clk 1:22:34]} 13. Nh2 {[%clk 1:21:23]} 13... Ne5 { [%clk
1:14:45]} 14. c4 {[%clk 1:09:10]} 14... Nc6 {[%clk 1:11:14]} 15. f4 { [%clk
1:02:11]} 15... Nh5 {[%clk 1:03:37]} 16. Ndf1 {[%clk 0:58:39]} 16... Bh6 {[%clk
0:46:53]} 17. Qf2 {[%clk 0:54:07]} 17... f5 {[%clk 0:43:11]} 18. Qe2 { [%clk
0:28:16]} 18... Nb4 {[%clk 0:34:21]} 19. exf5 {[%clk 0:24:21]} 19... exf5
{[%clk 0:33:46]} 20. Bxb7 {[%clk 0:21:56]} 20... Ra7 {[%clk 0:32:55]} 21. Bf3 {
[%clk 0:12:11]} 21... Nf6 {[%clk 0:32:27]} 22. Qd1 {[%clk 0:09:25]} 22... Re8 {
[%clk 0:29:17]} 23. Rxe8+ {[%clk 0:08:00]} 23... Qxe8 {[%clk 0:29:36]} 24. b3 {
[%clk 0:07:13]} 24... Re7 {[%clk 0:29:06]} 25. Ba3 {[%clk 0:06:59]} 25... Nc6 {
[%clk 0:27:30]} 26. Bxc6 {[%clk 0:05:43]} 26... Qxc6 {[%clk 0:27:56]} 27. Ra2 {
[%clk 0:05:10]} 27... Qe8 {[%clk 0:26:33]} 28. Kf2 {[%clk 0:04:11]} 28... Bg7 {
[%clk 0:24:29]} 29. Re2 {[%clk 0:03:18]} 29... Rxe2+ {[%clk 0:24:31]} 30. Qxe2
{[%clk 0:03:42]} 30... Qxe2+ {[%clk 0:24:58]} 31. Kxe2 {[%clk 0:04:04]} 31...
Ng4 {[%clk 0:23:36]} 32. Kf3 {[%clk 0:01:50]} 32... h5 {[%clk 0:22:51]} 33.
Nxg4 {[%clk 0:00:51]} 33... hxg4+ {[%clk 0:23:15]} 34. Ke2 {[%clk 0:01:03]}
34... Kf7 {[%clk 0:23:05]} 35. Bc1 {[%clk 0:01:23]} 35... Ke6 {[%clk 0:22:46]}
36. Be3 {[%clk 0:00:43]} 36... Bf8 {[%clk 0:22:45]} 37. Bf2 {[%clk 0:01:02]}
37... Be7 {[%clk 0:22:47]} 38. Nd2 {[%clk 0:00:31]} 38... Kd6 {[%clk 0:19:46]}
39. Nb1 {[%clk 0:00:52]} 39... Kc6 {[%clk 0:20:00]} 40. Na3 {[%clk 0:01:14]}
40... Bd6 {[%clk 0:20:14]} 41. Nb5 {[%clk 0:01:27]} 41... Bb8 {[%clk 0:20:23]}
42. Bxd4 {[%clk 0:27:51]} 42... cxd4 {[%clk 0:45:22]} 43. Nxd4+ {[%clk 0:28:14]
} 43... Kc5 {[%clk 0:43:46]} 44. Nc2 {[%clk 0:28:09]} 44... Bc7 {[%clk 0:43:26]
} 45. d4+ {[%clk 0:28:02]} 45... Kc6 {[%clk 0:43:38]} 46. Ne3 {[%clk 0:26:17]}
46... Bd6 {[%clk 0:43:21]} 47. h5 {[%clk 0:23:33]} 47... gxh5 {[%clk 0:43:18]}
48. Nxf5 {[%clk 0:23:55]} 48... Bf8 {[%clk 0:43:41]} 49. Kd3 {[%clk 0:23:25]}
49... Kd7 {[%clk 0:43:29]} 50. Ke4 {[%clk 0:22:52]} 50... Ke6 {[%clk 0:43:51]}
51. d5+ {[%clk 0:22:57]} 51... Kf6 {[%clk 0:44:03]} 52. Nd4 {[%clk 0:19:52]}
52... Bc5 {[%clk 0:43:23]} 53. Nf5 {[%clk 0:19:26]} 53... Bf8 {[%clk 0:42:53]}
54. Ne3 {[%clk 0:14:32]} 54... Bc5 {[%clk 0:41:13]} 55. Nf1 {[%clk 0:10:00]}
55... Bf2 {[%clk 0:41:00]} 56. f5 {[%clk 0:09:56]} 56... Bc5 {[%clk 0:39:03]}
57. Nd2 {[%clk 0:08:35]} 57... Bd6 {[%clk 0:38:46]} 58. Ke3 {[%clk 0:03:59]}
58... Kxf5 {[%clk 0:32:56]} 59. Ne4 {[%clk 0:03:46]} 59... Bb4 {[%clk 0:28:38]}
60. d6 {[%clk 0:03:32]} 60... Ke6 {[%clk 0:28:57]} 61. Kf4 {[%clk 0:03:26]}
61... Bxd6+ {[%clk 0:27:44]} 62. Nxd6 {[%clk 0:03:44]} 62... Kxd6 { [%clk
0:28:13]} 63. Kg5 {[%clk 0:02:48]} 63... Kc5 {[%clk 0:28:42]} 64. Kxh5 { [%clk
0:02:15]} 64... Kb4 {[%clk 0:29:11]} 65. Kxg4 {[%clk 0:02:20]} 65... Kxb3
{[%clk 0:29:37]} 66. Kf5 {[%clk 0:02:46]} 66... Kxa4 {[%clk 0:29:53]} 67. g4 {
[%clk 0:03:08]} 67... Kb4 {[%clk 0:30:17]} 68. g5 {[%clk 0:03:25]} 68... a4 {
[%clk 0:30:42]} 69. g6 {[%clk 0:03:49]} 69... a3 {[%clk 0:31:08]} 70. g7 {
[%clk 0:04:17]} 70... a2 {[%clk 0:31:32]} 71. g8=Q a1=Q 1/2-1/2

[Event "DVM U14 2020"]
[Site "Willingen GER"]
[Date "2021.06.25"]
[Round "4"]
[White "Schulemann, Gero"]
[Black "Klein, Maxim"]
[Result "1-0"]
[Termination "normal"]
[Board "9.1"]
[WhiteElo "1835"]
[BlackElo "1436"]
[WhiteTeam "USV Halle"]
[BlackTeam "FC Ergolding 1932 e.V."]
[PlyCount "99"]
[WhiteFideId "16227646"]
[BlackFideId "16281632"]
[EventCountry "GER"]
[EventRounds "7"]
[EventType "team-swiss"]
[EventDate "2021.06.23"]

1. e4 e6 2. d4 d5 3. Nd2 c5 4. exd5 exd5 5. Ngf3 Nf6 6. Bb5+ Bd7 7. Bxd7+ Nbxd7
8. O-O Be7 9. dxc5 Nxc5 10. Nb3 Ne6 11. Nfd4 O-O 12. Re1 Qb6 13. Be3 Nxd4 14.
Bxd4 Qd8 15. Qf3 Rc8 16. c3 a6 17. Rad1 Ne4 18. Qg4 Bf6 19. f3 Bxd4+ 20. Nxd4
Nf6 21. Qg3 Qc7 22. Re5 Rce8 23. Rxe8 Nxe8 24. Nf5 Qxg3 25. hxg3 Nc7 26. Ne7+
Kh8 27. Nxd5 Rd8 28. Ne3 Re8 29. Rd7 Rxe3 30. Rxc7 g6 31. Rxb7 Kg7 32. Kf2 Re6
33. Rd7 Kf6 34. c4 Rc6 35. b3 Ke6 36. Rd4 a5 37. a3 a4 38. b4 Ke5 39. Ke3 f5
40. c5 g5 41. f4+ gxf4+ 42. gxf4+ Ke6 43. Rd6+ Rxd6 44. cxd6 Kxd6 45. Kd4 h6
46. g3 h5 47. b5 Ke7 48. Ke5 Kd7 49. Kxf5 Kd6 50. Kg5 1-0

[Event "DVM U14 2020"]
[Site "Willingen GER"]
[Date "2021.06.25"]
[Round "4"]
[White "Helmbrecht, Paul"]
[Black "Neuber, Pascal"]
[Result "0-1"]
[Termination "normal"]
[Board "9.2"]
[WhiteElo "1531"]
[BlackElo "1812"]
[WhiteTeam "FC Ergolding 1932 e.V."]
[BlackTeam "USV Halle"]
[PlyCount "60"]
[WhiteFideId "16270932"]
[BlackFideId "16227611"]
[EventCountry "GER"]
[EventRounds "7"]
[EventType "team-swiss"]
[EventDate "2021.06.23"]

1. d4 Nf6 2. c4 e6 3. Nf3 d5 4. Nc3 Bb4 5. Bg5 c5 6. cxd5 exd5 7. dxc5 Nc6 8.
e3 h6 9. Bxf6 Qxf6 10. Nd4 O-O 11. a3 Bxc3+ 12. bxc3 Be6 13. Be2 Rac8 14. Qb3
Nd8 15. c6 bxc6 16. Ba6 Rc7 17. c4 c5 18. Nc2 dxc4 19. Bxc4 Rb7 20. Qd3 Bf5 21.
e4 Bxe4 22. Qxe4 Re7 23. Qxe7 Qxe7+ 24. Ne3 Nc6 25. O-O Rd8 26. Rfe1 Qg5 27.
Re2 Nd4 28. Rb2 Nf3+ 29. Kh1 Qe5 30. Rab1 Qxh2# 0-1

[Event "DVM U14 2020"]
[Site "Willingen GER"]
[Date "2021.06.25"]
[Round "4"]
[White "Polzin, Gustav"]
[Black "Lichtinger, Simon"]
[Result "1-0"]
[Termination "normal"]
[Board "9.3"]
[WhiteElo "1566"]
[BlackElo "1401"]
[WhiteTeam "USV Halle"]
[BlackTeam "FC Ergolding 1932 e.V."]
[PlyCount "119"]
[WhiteFideId "34603280"]
[BlackFideId "16230442"]
[EventCountry "GER"]
[EventRounds "7"]
[EventType "team-swiss"]
[EventDate "2021.06.23"]

1. e4 e5 2. Nf3 Nf6 3. Nxe5 d6 4. Nf3 Nxe4 5. d4 d5 6. Bd3 Bd6 7. O-O O-O 8.
Nc3 Nxc3 9. bxc3 Bg4 10. Rb1 b6 11. Re1 Qf6 12. Be2 Bf4 13. Bxf4 Qxf4 14. h3
Bf5 15. Ne5 f6 16. Nd3 Qd6 17. Bg4 Bxg4 18. Qxg4 f5 19. Qf4 Nd7 20. Qxd6 cxd6
21. Re6 Rf6 22. Re7 Rf7 23. Rbe1 Raf8 24. R7e6 Rf6 25. Nf4 Rxe6 26. Rxe6 Rf6
27. Re7 Rf7 28. Nxd5 Rxe7 29. Nxe7+ Kf7 30. Nxf5 d5 31. Nd6+ Ke6 32. Nb5 a5 33.
Nc7+ Kd6 34. Ne8+ Kc6 35. Nxg7 Kb5 36. Kf1 Kc4 37. Ke2 Kxc3 38. Kd1 Kb2 39. f4
a4 40. f5 Nf6 41. Ne6 a3 42. g4 h6 43. Nf4 Kc3 44. Nh5 Ne4 45. f6 Ng5 46. h4
Nf7 47. Ng3 Kxd4 48. Nf5+ Ke5 49. Nxh6 Nxh6 50. g5 Nf7 51. g6 Kxf6 52. gxf7
Kxf7 53. Kd2 Kg6 54. Kd3 Kh5 55. Kd4 Kxh4 56. Kxd5 Kg5 57. Kc6 Kf5 58. Kxb6 Ke4
59. Kb5 Kd4 60. Kb4 1-0

[Event "DVM U14 2020"]
[Site "Willingen GER"]
[Date "2021.06.25"]
[Round "4"]
[White "Huber, Laura"]
[Black "Knüpfer, Johannes"]
[Result "1/2-1/2"]
[Termination "normal"]
[Board "9.4"]
[WhiteElo "1249"]
[BlackElo "1238"]
[WhiteTeam "FC Ergolding 1932 e.V."]
[BlackTeam "USV Halle"]
[PlyCount "92"]
[WhiteFideId "16270940"]
[BlackFideId "34605967"]
[EventCountry "GER"]
[EventRounds "7"]
[EventType "team-swiss"]
[EventDate "2021.06.23"]

1. e4 e5 2. Nc3 Nf6 3. f4 exf4 4. Nf3 d5 5. e5 Ne4 6. d3 Nxc3 7. bxc3 Bc5 8. d4
Bb6 9. Bxf4 Be6 10. a4 Ba5 11. Ra3 h6 12. Bd3 Qe7 13. Rb3 Nd7 14. O-O O-O 15.
Qe1 Nb6 16. Qg3 Kh8 17. Ra1 c5 18. Rba3 c4 19. Be2 Bf5 20. Bd1 Rac8 21. h4 Rc6
22. h5 Nd7 23. Nh4 Be4 24. Qh3 Bd8 25. Nf5 Bxf5 26. Qxf5 Qe6 27. Bg4 Qxf5 28.
Bxf5 Nb6 29. a5 Nc8 30. Rb1 b6 31. Bxc8 Rxc8 32. Rb5 Be7 33. Ra1 Rfd8 34. axb6
axb6 35. Rxb6 Bg5 36. g3 Bxf4 37. gxf4 Rc7 38. Rab1 Ra7 39. Rb8 Rxb8 40. Rxb8+
Kh7 41. Rb5 Rd7 42. Rb6 Kg8 43. Rb8+ Kh7 44. Rb6 Kg8 45. f5 Kf8 46. Kf2 Ke8
1/2-1/2

[Event "DVM U14 2020"]
[Site "Willingen GER"]
[Date "2021.06.25"]
[Round "4"]
[White "Neumüller, Tim"]
[Black "Abou Wally, Adrian"]
[Result "0-1"]
[Termination "normal"]
[Board "10.1"]
[WhiteElo "1519"]
[BlackElo "1482"]
[WhiteTeam "SV Weingarten"]
[BlackTeam "SV Schott Jena"]
[PlyCount "72"]
[WhiteFideId "16299167"]
[BlackFideId "16245113"]
[EventCountry "GER"]
[EventRounds "7"]
[EventType "team-swiss"]
[EventDate "2021.06.23"]

1. e4 e5 2. Nf3 Nc6 3. Nc3 Nf6 4. Bb5 d6 5. O-O Be7 6. d4 exd4 7. Nxd4 Bd7 8.
Nxc6 Bxc6 9. Bxc6+ bxc6 10. Bf4 d5 11. exd5 Nxd5 12. Nxd5 cxd5 13. Re1 O-O 14.
Re5 c6 15. Qe2 Bd6 16. Rf5 Re8 17. Qg4 Bxf4 18. Rxf4 Qb6 19. b3 Qc5 20. Qf5 Qc3
21. Qxf7+ Kh8 22. Rf1 Qxc2 23. Rg4 Rg8 24. h3 Qxa2 25. Rh4 Qc2 26. Ra1 a6 27.
f4 Rgf8 28. Qe7 d4 29. Rxa6 Rfe8 30. Rxa8 Rxa8 31. Rg4 Rg8 32. Rxg7 Qc1+ 33.
Kh2 Qxf4+ 34. Kh1 Rxg7 35. Qd8+ Rg8 36. Qd7 Qf1+ 0-1

[Event "DVM U14 2020"]
[Site "Willingen GER"]
[Date "2021.06.25"]
[Round "4"]
[White "Link, Moritz"]
[Black "Kern, Dominik"]
[Result "0-1"]
[Termination "normal"]
[Board "10.2"]
[WhiteElo "1540"]
[BlackElo "1349"]
[WhiteTeam "SV Schott Jena"]
[BlackTeam "SV Weingarten"]
[PlyCount "64"]
[WhiteFideId "34605924"]
[BlackFideId "34605894"]
[EventCountry "GER"]
[EventRounds "7"]
[EventType "team-swiss"]
[EventDate "2021.06.23"]

1. e4 e5 2. Nf3 Nf6 3. Nc3 Bb4 4. Bc4 O-O 5. O-O d6 6. Re1 Bg4 7. d3 h6 8. Bd2
Nc6 9. h3 Bh5 10. g4 Nxg4 11. hxg4 Bxg4 12. Nb1 Qf6 13. Bxb4 Bxf3 14. Qxf3 Qxf3
15. Re3 Qd1+ 16. Be1 Nd4 17. c3 Nf3+ 18. Kf1 Nxe1 19. Rxe1 Qg4 20. Re3 Kh8 21.
Rg3 Qh4 22. Nd2 Qh1+ 23. Rg1 Qh3+ 24. Ke2 Rad8 25. Rg3 Qh5+ 26. Nf3 c6 27. Rb1
d5 28. exd5 cxd5 29. Bb3 e4 30. dxe4 dxe4 31. Bc2 exf3+ 32. Kf1 Qd5 0-1

[Event "DVM U14 2020"]
[Site "Willingen GER"]
[Date "2021.06.25"]
[Round "4"]
[White "Dick, Fabian"]
[Black "Wagner, Alexander"]
[Result "0-1"]
[Termination "normal"]
[Board "10.3"]
[WhiteElo "1220"]
[BlackElo "1522"]
[WhiteTeam "SV Weingarten"]
[BlackTeam "SV Schott Jena"]
[PlyCount "116"]
[WhiteFideId "34605886"]
[EventCountry "GER"]
[EventRounds "7"]
[EventType "team-swiss"]
[EventDate "2021.06.23"]

1. f4 d5 2. Nf3 Nc6 3. d3 Nf6 4. c3 Bf5 5. Nh4 Bg6 6. Nxg6 hxg6 7. Qc2 e6 8.
Nd2 Bd6 9. Nf3 Nh5 10. g3 Nxg3 11. Rg1 Nh5 12. Ne5 Nxe5 13. fxe5 Bxe5 14. d4
Bxh2 15. Bg5 f6 16. Qxg6+ Kd7 17. Rh1 Bg3+ 18. Kd1 fxg5 19. Rxh5 Rxh5 20. Qxh5
Qf6 21. Bh3 g6 22. Qf3 Qxf3 23. exf3 Rh8 24. Bg2 Rh2 25. Bf1 Rxb2 26. Bd3 Rf2
27. Be2 e5 28. Rb1 b6 29. Rb5 c6 30. Rb3 e4 31. fxe4 dxe4 32. c4 Bd6 33. Rh3
Rf7 34. Rh6 Rg7 35. Bg4+ Ke7 36. Ke2 Bf4 37. Rh8 c5 38. d5 Kf6 39. Re8 Re7 40.
Rf8+ Rf7 41. Re8 Re7 42. Rf8+ Kg7 43. Rc8 e3 44. Kd3 e2 45. Bxe2 Re3+ 46. Kc2
Rxe2+ 47. Kb3 Re7 48. Rc6 g4 49. d6 Re6 50. Rc7+ Kh6 51. Rc8 Rxd6 52. Rh8+ Kg5
53. Rh1 g3 54. Kc3 Be3 55. Re1 Bd2+ 56. Kb3 Bxe1 57. Ka4 g2 58. a3 g1=Q 0-1

[Event "DVM U14 2020"]
[Site "Willingen GER"]
[Date "2021.06.25"]
[Round "4"]
[White "Junge, Mattheo Gabriel"]
[Black "Bork, Miron"]
[Result "1/2-1/2"]
[Termination "normal"]
[Board "10.4"]
[WhiteElo "1267"]
[BlackElo "1113"]
[WhiteTeam "SV Schott Jena"]
[BlackTeam "SV Weingarten"]
[PlyCount "68"]
[WhiteFideId "34605908"]
[BlackFideId "34605878"]
[EventCountry "GER"]
[EventRounds "7"]
[EventType "team-swiss"]
[EventDate "2021.06.23"]

1. e4 d5 2. exd5 Nf6 3. c4 Bg4 4. Be2 Bf5 5. d4 e6 6. dxe6 fxe6 7. Nf3 Bb4+ 8.
Nc3 O-O 9. O-O c6 10. Bf4 Bd6 11. Bxd6 Qxd6 12. c5 Qc7 13. Bd3 Ng4 14. h3 Nf6
15. Bxf5 exf5 16. Qb3+ Qf7 17. Qxf7+ Rxf7 18. b4 Nd5 19. Nxd5 cxd5 20. Rfe1 Nd7
21. Ne5 Nxe5 22. Rxe5 Rd8 23. Rae1 Kf8 24. a4 g6 25. b5 a6 26. h4 Rdd7 27. f4
Rfe7 28. Rxe7 Rxe7 29. Rxe7 Kxe7 30. bxa6 bxa6 31. Kf2 a5 32. Kf3 Ke6 33. g4 h5
34. gxf5+ gxf5 1/2-1/2